Kajian kos binaan bangunan 2009 dan 2010

Bibliographic Details
Corporate Authors: Kajian kos binaan bangunan 2009 dan 2010, INSPEN ( Institut Penilaian Negara )
Format: Book
Language:Malay
Published: Bangi : Institut Penilaian Negara , 2014
Subjects:

MARC

LEADER 00000cam a2200000 7i4500
001 0000025679
005 20141110.0
008 141110 my a f may
040 |a INS 
090 0 0 |a B113 
110 1 |a Kajian kos binaan bangunan 2009 dan 2010 
245 0 0 |a Kajian kos binaan bangunan 2009 dan 2010   |c Program Penyelidikan dan Pembangunan Institut Penilaian Negara 
260 |a Bangi :   |b Institut Penilaian Negara ,   |c 2014 
300 |a iii, 49 ms. :   |b ill. ;   |c 30 cm. 
650 0 0 |a Building   |x Cost effectiveness 
650 0 0 |a Building   |x Estimates 
710 1 |a INSPEN ( Institut Penilaian Negara ) 
999 |a B000000284   |b BOOK   |c Course Notes   |e Default branch 
999 |a B000000285   |b BOOK   |c Course Notes   |e Default branch 
999 |a B000000438   |b BOOK   |c Course Notes   |e Default branch